|
|
|
|
| LEADER |
00000nam0a2200000 4500 |
| 001 |
373189 |
| 005 |
20231102012537.0 |
| 035 |
|
|
|a (RuTPU)RU\TPU\retro\30616
|
| 035 |
|
|
|a RU\TPU\book\303965
|
| 090 |
|
|
|a 373189
|
| 100 |
|
|
|a 20221215d1952 k y0rusy50 ca
|
| 101 |
0 |
|
|a rus
|
| 102 |
|
|
|a RU
|
| 105 |
|
|
|a y z 000zy
|
| 200 |
1 |
|
|a Практика - основа познания и критерий истины
|f М. Н. Руткевич
|
| 210 |
|
|
|a [Москва]
|c Госполитиздат
|d 1952
|
| 215 |
|
|
|a 243 с.
|
| 316 |
|
|
|5 63413507: М-133342
|a На титульном листе и обложке владельческая подпись: "Бутаков"
|
| 317 |
|
|
|5 63413507: М-133342
|a Поступила в НТБ в 1970 г. в составе книжного собрания профессора ТПИ И. Н. Бутакова
|
| 606 |
1 |
|
|a Марксизм-ленинизм
|x Философия
|2 stltpush
|3 (RuTPU)RU\TPU\subj\41050
|9 60869
|
| 606 |
1 |
|
|a Теория познания
|x Философия
|2 stltpush
|3 (RuTPU)RU\TPU\subj\59493
|9 77015
|
| 610 |
1 |
|
|a практика
|
| 610 |
1 |
|
|a теория
|
| 610 |
1 |
|
|a истина
|
| 610 |
1 |
|
|a владельческая надпись
|
| 610 |
1 |
|
|a библиотека И. Н. Бутакова
|
| 686 |
|
|
|a Ю0
|v LBC/SL-A
|2 rubbk
|
| 686 |
|
|
|a Ю22
|v LBC/SL-A
|2 rubbk
|
| 700 |
|
1 |
|a Руткевич
|b М. Н.
|
| 801 |
|
1 |
|a RU
|b 63413507
|c 20150112
|
| 801 |
|
2 |
|a RU
|b 63413507
|c 20221215
|g RCR
|
| 942 |
|
|
|c BK
|